Statistics for Words ending in -cide

Click here to take the quiz!

General Stats

  • This quiz has been taken 64 times
  • The average score is 6 of 13

Answer Stats

MeaningAnswer% Correct
Killing yourselfSuicide
89%
Killing a person
Homicide
81%
Killing a national, racial or ethnic groupGenocide
77%
Killing your fatherPatricide
67%
Killing a kingRegicide
60%
Killing insectsInsecticide
47%
Killing your brotherFratricide
44%
Killing a godDeicide
30%
Killing everythingOmnicide
26%
Killing an alien (e.g: Ender)Xenocide
21%
Killing the entire worldMundicide
9%
Killing a bishop
Episcopicide
2%
Killing a bookTomecide
2%

Score Distribution

Percentile by Number Answered

Percent of People with Each Score

Your Score History

You have not taken this quiz